[Event "22nd Hogeschool Zeeland 2018"]
[Site "Vlissingen"]
[Date "2018.08.11"]
[Round "8"]
[White "Grochal, Joey"]
[Black "Henrichs, Thomas"]
[Result "1-0"]
[WhiteElo "2300"]
[BlackElo "2486"]
[Annotator "RC"]
[PlyCount "197"]
[EventDate "2018.08.04"]
[EventType "swiss"]
[EventCountry "NED"]
[SourceTitle "playchess.com"]
[Source "ChessBase"]
[SourceQuality "1"]
[TimeControl "40/5400+30:1800+30"]

1. d4 {[%emt 0:00:00]} Nf6 {[%emt 0:00:00]} 2. c4 {[%emt 0:00:00]} g6 {[%emt 0:00:32]} 3. Nc3 {[%emt 0:00:00]} Bg7 {[%emt 0:00:09]} 4. e4 {[%emt 0:00:00]} d6 {[%emt 0:00:08]} 5. Nf3 {[%emt 0:00:41]} O-O {[%emt 0:00:20]} 6. Be2 {[%emt 0:00:06]} e5 {[%emt 0:00:48]} 7. d5 {[%emt 0:00:06]} Na6 {[%emt 0:00:25]} 8. Bg5 {[%emt 0:00:28]} h6 {[%emt 0:00:25]} 9. Bh4 {[%emt 0:00:07]} g5 {[%emt 0:04:16]} 10. Bg3 {[%emt 0:00:21]} Nh5 {[%emt 0:00:45]} 11. h4 {[%emt 0:04:11]} g4 {[%emt 0:00:26]} 12. Nd2 {[%emt 0:02:10]} Nxg3 {[%emt 0:02:56]} 13. fxg3 {[%emt 0:00:02]} h5 {[%emt 0:01:09]} 14. O-O {[%emt 0:02:00]} Bh6 {[%emt 0:10:24]} 15. Bd3 {[%emt 0:06:42]} c6 {[%emt 0:02:17]} 16. Kh2 {[%emt 0:05:52]} Kg7 {[%emt 0:09:37]} 17. Qe2 {[%emt 0:03:25]} Qb6 {[%emt 0:06:19]} 18. Nb3 {[%emt 0:05:55]} Qe3 {[%emt 0:04:38]} 19. Rae1 {[%emt 0:02:33]} Qxe2 {[%emt 0:01:07]} 20. Rxe2 {[%emt 0:00:11]} f6 {[%emt 0:02:45]} 21. Na5 {[%emt 0:06:57]} Nc5 {[%emt 0:02:42]} 22. Bc2 {[%emt 0:04:31]} cxd5 {[%emt 0:03:05]} 23. Nxd5 {[%emt 0:02:12]} Ne6 {[%emt 0:05:46]} 24. Ref2 {[%emt 0:03:35]} Nd4 {[%emt 0:00:44]} 25. Bd3 {[%emt 0:01:27]} Be6 {[%emt 0:07:20]} 26. Nxf6 {[%emt 0:11:54]} b6 {[%emt 0:08:02]} 27. Nb3 {[%emt 0:09:01]} Nf3+ {[%emt 0:05:09]} 28. gxf3 {[%emt 0:01:13]} Rxf6 {[%emt 0:00:09]} 29. f4 {[%emt 0:05:30]} Rc8 {[%emt 0:01:09]} 30. Nd2 {[%emt 0:00:52]} Rcf8 {[%emt 0:05:00]} 31. f5 {[%emt 0:00:35]} Bg8 {[%emt 0:00:55]} 32. Re2 {[%emt 0:03:50]} Rc8 {[%emt 0:00:41]} 33. b3 {[%emt 0:00:59]} Rff8 {[%emt 0:03:57]} 34. Nb1 {[%emt 0:00:59]} a6 {[%emt 0:00:24]} 35. Kg2 {[%emt 0:04:21]} Kf6 {[%emt 0:00:35]} 36. Kf2 {[%emt 0:04:03]} Rc5 {[%emt 0:00:32]} 37. Rb2 {[%emt 0:07:19]} Rb8 {[%emt 0:01:54]} 38. a4 {[%emt 0:02:51]} b5 {[%emt 0:01:13]} 39. axb5 {[%emt 0:00:38]} axb5 {[%emt 0:00:11]} 40. cxb5 {[%emt 0:00:50]} d5 {[%emt 0:03:31]} 41. Ra2 {[%emt 0:09:28]} Bf7 {[%emt 0:07:49]} 42. Ra6+ {[%emt 0:03:31]} Kg7 {[%emt 0:01:13]} 43. b4 {[%emt 0:04:58]} Rcxb5 {[%emt 0:02:21]} 44. Bxb5 {[%emt 0:00:24]} Rxb5 {[%emt 0:00:22]} 45. exd5 {[%emt 0:02:43]} Rxb4 {[%emt 0:01:19]} 46. Rd1 {[%emt 0:02:23]} Rb2+ {[%emt 0:01:23]} 47. Ke1 {[%emt 0:01:42]} Be3 {[%emt 0:00:37]} 48. Ra3 {[%emt 0:03:35]} Bf2+ {[%emt 0:01:03]} 49. Kf1 {[%emt 0:00:01]} Bd4 {[%emt 0:00:16]} 50. Nc3 {[%emt 0:02:47]} Rf2+ {[%emt 0:10:16]} 51. Ke1 {[%emt 0:00:01]} Rf3 {[%emt 0:00:29]} 52. d6 {[%emt 0:02:45]} Bf2+ {[%emt 0:02:37]} 53. Kd2 {[%emt 0:00:08]} Bxg3 {[%emt 0:00:11]} 54. Ne4 {[%emt 0:01:31]} Rxa3 {[%emt 0:01:05]} 55. Nxg3 {[%emt 0:00:07]} Kf6 {[%emt 0:02:04]} 56. Ne4+ {[%emt 0:01:52]} Kxf5 {[%emt 0:00:25]} 57. d7 {[%emt 0:00:15]} Ra8 {[%emt 0:00:59]} 58. Nc5 {[%emt 0:00:35]} Be8 {[%emt 0:03:26]} 59. Rf1+ {[%emt 0:00:59]} Kg6 {[%emt 0:00:12]} 60. dxe8=Q+ {[%emt 0:01:12]} Rxe8 {[%emt 0:00:10]} 61. Ke3 {[%emt 0:00:07]} Ra8 {[%emt 0:00:40]} 62. Ke4 {[%emt 0:00:48]} Ra5 {[%emt 0:00:32]} 63. Nd3 {[%emt 0:00:15]} Ra4+ {[%emt 0:00:39]} 64. Kxe5 {[%emt 0:00:09]} Ra2 {[%emt 0:00:18]} 65. Rf6+ {[%emt 0:00:58]} Kg7 {[%emt 0:00:09]} 66. Rf5 {[%emt 0:00:14]} Rh2 {[%emt 0:00:24]} 67. Rxh5 {[%emt 0:00:53]} g3 {[%emt 0:00:10]} 68. Rg5+ {[%emt 0:00:27]} Kh6 {[%emt 0:00:53]} 69. Nf4 {[%emt 0:00:43]} Rxh4 {[%emt 0:00:16]} 70. Rxg3 {[%emt 0:00:08]} Kh7 {[%emt 0:00:55]} 71. Ne6 {[%emt 0:00:29]} Rh1 {[%emt 0:00:23]} 72. Kf6 {[%emt 0:00:41]} Rf1+ {[%emt 0:00:25]} 73. Ke7 {[%emt 0:00:17]} Re1 {[%emt 0:00:13]} 74. Rg5 {[%emt 0:00:09]} Kh6 {[%emt 0:00:13]} 75. Rg2 {[%emt 0:00:51]} Rf1 {[%emt 0:00:53]} 76. Nd4 {[%emt 0:00:12]} Rf4 {[%emt 0:00:20]} 77. Ne6 {[%emt 0:00:47]} Rf1 {[%emt 0:00:17]} 78. Kd6 {[%emt 0:00:18]} Re1 {[%emt 0:00:38]} 79. Rg3 {[%emt 0:00:35]} Rd1+ {[%emt 0:00:31]} 80. Ke5 {[%emt 0:00:25]} Re1+ {[%emt 0:00:28]} 81. Kf5 {[%emt 0:00:07]} Rf1+ {[%emt 0:00:26]} 82. Nf4 {[%emt 0:00:08]} Kh7 {[%emt 0:00:26]} 83. Ke5 {[%emt 0:00:25]} Ra1 {[%emt 0:00:26]} 84. Kf6 {[%emt 0:00:28]} Rf1 {[%emt 0:00:50]} 85. Rg4 {[%emt 0:00:29]} Ra1 {[%emt 0:00:50]} 86. Nd5 {[%emt 0:01:09]} Rf1+ {[%emt 0:00:26]} 87. Ke6 {[%emt 0:00:17]} Ra1 {[%emt 0:00:55]} 88. Kf7 {[%emt 0:01:02]} Ra7+ {[%emt 0:00:22]} 89. Kf6 {[%emt 0:00:23]} Ra6+ {[%emt 0:00:18]} 90. Kf7 {[%emt 0:00:56]} Ra7+ {[%emt 0:00:16]} 91. Kf6 {[%emt 0:00:26]} Ra6+ {[%emt 0:00:10]} 92. Kf5 {[%emt 0:00:16]} Ra5 {[%emt 0:00:18]} 93. Ke5 {[%emt 0:00:53]} Ra1 {[%emt 0:00:22]} 94. Nf4 {[%emt 0:00:37]} Ra5+ {[%emt 0:00:45]} 95. Kf6 {[%emt 0:00:05]} Ra6+ {[%emt 0:00:26]} 96. Ne6 {[%emt 0:00:03]} Ra1 {[%emt 0:00:21]} 97. Nf8+ {[%emt 0:01:02]} Kh8 {[%emt 0:00:37]} 98. Ng6+ {[%emt 0:00:09]} Kg8 {[%emt 0:00:12]} 99. Ne7+ {[%emt 0:00:06]} 1-0

[Event "22nd Hogeschool Zeeland 2018"]
[Site "Vlissingen"]
[Date "2018.08.10"]
[Round "8"]
[White "Bluhm, Sonja Maria"]
[Black "Miciano, John Marvin"]
[Result "0-1"]
[WhiteElo "2279"]
[BlackElo "2381"]
[Annotator "TA"]
[PlyCount "188"]
[EventDate "2018.08.04"]
[EventType "swiss"]
[EventCountry "NED"]
[SourceTitle "playchess.com"]
[Source "ChessBase"]
[SourceQuality "1"]

{[%evp 12,188,50,33,61,-9,10,9,10,10,12,11,6,8,0,-25,-45,-31,-20,-33,0,-35,-36,-41,-36,-38,-29,-39,-28,-120,-127,-123,-122,-107,0,0,0,-3,-1,-1,0,0,-7,-18,0,0,0,0,0,0,0,0,0,-5,158,0,7,13,56,56,56,56,56,56,419,67,166,0,0,0,8,0,0,0,0,0,0,0,0,0,0,0,0,0,25,0,25,25,41,0,33,29,52,29,29,29,68,71,75,0,0,0,0,0,0,0,0,0,0,0,0,0,0,0,0,0,0,0,0,0,0,0,0,0,0,0,0,0,0,0,0,0,0,0,0,0,0,0,0,0,0,0,0,0,0,0,0,0,0,0,0,-9,-9,-9,-9,-9,-9,-6703,-6703,-6688,-5416,-29970,-29972,-29970,-29971,-29972,-29973,-29970,-29973,-29980,-29981,-29981,-29982,-29982,-29983,-29983,-29984,-29981,-29982]} 1. e4 g6 2. d4 Bg7 3. Nf3 d6 4. Bc4 Nf6 5. Qe2 O-O 6. O-O Nc6 7. e5 {LiveBook: 10 Games. B06: Modern Defence} (7. Rd1 d5 8. exd5 Nxd5 9. h3 Re8 10. Bb3 Na5 11. Ba4 c6 12. c3 Bf5 13. Na3 b5 14. Bc2 Bxc2 15. Nxc2 {1-0 (40) Grischuk,A (2750)-Vachier Lagrave,M (2795) chess.com INT 2017}) 7... Nh5 8. exd6 $146 (8. Qe3 $14) ({Predecessor:} 8. h3 dxe5 9. dxe5 Nd4 10. Nxd4 Qxd4 11. Re1 Ng3 12. Qd3 Nf5 13. c3 Qxd3 14. Bxd3 {½-½ (14) Ballecer,D (2419)-Nouri,H (2363) Manila 2008}) 8... Qxd6 9. c3 {The position is equal.} Bg4 10. h3 Bxf3 $1 11. Qxf3 e5 12. d5 Ne7 13. b3 Qd7 14. Rd1 Nf6 {[%cal Bh5f6,Bf6e8,Be8d6][%mdl 32]} 15. Bg5 Ne8 16. a4 Nd6 17. Nd2 f6 18. Be3 f5 19. Qe2 e4 20. Bd4 (20. Rac1 $11 {remains equal.}) 20... Bxd4 $17 21. cxd4 a6 22. a5 Kh8 (22... Rae8 $17 23. Rac1 Qd8) 23. f3 $11 {[%cal Rf3e4]} Rae8 {next ...Ng8 is good for Black.} 24. fxe4 fxe4 25. Nxe4 {Threatens to win with Nc5.} Nxe4 26. Qxe4 Nf5 27. Qd3 Qe7 28. Qd2 Qh4 29. Re1 Qg3 {aiming for ...Nh4.} ({Don't play} 29... Nxd4 $6 30. Rxe8 Rxe8 31. Rf1 $16) 30. Rxe8 Rxe8 31. Qf2 Qc3 32. Rf1 {Threatening d6!} Kg7 $2 {[#]} (32... Re4 $11) 33. Qf4 $2 (33. d6 $1 $16 {[%cal Rd6c7][%mdl 512]} cxd6 34. g4) 33... Re7 ({Much weaker is} 33... Qxd4+ $6 34. Qxd4+ Nxd4 35. d6 $1 $16 {[%mdl 512]}) 34. g4 Qg3+ 35. Qxg3 Nxg3 $14 {[%mdl 4096] Endgame KRB-KRN} 36. Rf3 Ne4 37. Re3 Kf6 $2 {[%mdl 8192] [#]} (37... Kf8 $14) 38. Bd3 $2 (38. d6 $1 $18 {[%mdl 512]} cxd6 39. h4) 38... Nd2 {[#]} (38... Nd6 $14 39. g5+ Kf7) 39. Rxe7 $2 (39. g5+ $1 $18 Kf7 40. Kf2 Rxe3 41. Kxe3 Nxb3 {[#]} 42. d6 $1 {[%mdl 512]}) 39... Kxe7 $18 {KB-KN} 40. Bc4 $1 Ne4 41. Kf1 Kd6 42. Ke2 g5 43. Ke3 Nf6 44. Kf3 h6 45. Ke3 Kd7 46. Kf3 Ke7 47. Ke3 Ne8 48. Kf3 Nd6 49. Bd3 Kd8 50. Kg3 Kc8 51. h4 Kb8 52. hxg5 hxg5 53. Kf3 Ka7 54. Ke3 b6 55. axb6+ (55. b4 $16) 55... cxb6 $11 56. Kd2 b5 57. Kc3 Kb6 58. Be2 a5 59. Bf3 b4+ 60. Kc2 Ka6 61. Be2+ Kb7 62. Bf3 Kb6 63. Kd2 Kc7 64. Kc2 Nc8 65. Kd3 Nd6 66. Kc2 Kd7 67. Kd2 Ke7 68. Kc2 Nc8 69. Kd3 {Black must now prevent Kc4.} Nb6 70. Bh1 Kd6 71. Bf3 Nxd5 72. Kc4 Nc3 73. Kd3 Nb5 74. Kc4 Na3+ 75. Kd3 Kc7 76. Be4 Kb6 77. Kd2 Nb5 78. Ke3 Nd6 79. Bf3 Nb5 80. Be4 Nc3 81. Bg2 a4 82. bxa4 b3 {[%cal Bb4b3,Bb3b2][%mdl 32] Hoping for ...b2.} 83. Bf1 Ka5 84. d5 $2 {[%mdl 8192]} (84. Kd2 $11 Ne4+ 85. Kc1) 84... Nxd5+ $19 85. Kd4 Nf6 86. Bc4 b2 {Black mates.} 87. Bd3 Kxa4 88. Ke5 Nxg4+ 89. Kf5 Ne3+ 90. Kxg5 Kb3 91. Bb1 Kc3 92. Kf4 Kd2 93. Ke4 Kc1 94. Ba2 Nc2 {Precision: White = 51%, Black = 60%.} 0-1

[Event "22nd Hogeschool Zeeland 2018"]
[Site "Vlissingen"]
[Date "2018.08.10"]
[Round "8"]
[White "Sparenberg, Erik"]
[Black "Beerdsen, Thomas"]
[Result "0-1"]
[WhiteElo "2173"]
[BlackElo "2469"]
[Annotator "ChessBase"]
[PlyCount "48"]
[EventDate "2018.08.04"]
[EventType "swiss"]
[EventCountry "NED"]
[SourceTitle "playchess.com"]
[Source "ChessBase"]
[SourceQuality "1"]
[TimeControl "40/5400+30:1800+30"]

1. e4 {[%emt 0:00:00]} e5 {[%emt 0:07:51]} 2. Nf3 {[%emt 0:02:23]} Nc6 {[%emt 0:00:05]} 3. Bb5 {[%emt 0:00:06]} f5 {[%emt 0:00:04]} 4. d4 {[%emt 0:01:10]} fxe4 {[%emt 0:00:41]} 5. Nxe5 {[%emt 0:00:08]} Nxe5 {[%emt 0:00:11]} 6. dxe5 {[%emt 0:00:03]} c6 {[%emt 0:00:08]} 7. Nc3 {[%emt 0:00:42]} cxb5 {[%emt 0:00:06]} 8. Nxe4 {[%emt 0:00:12]} d5 {[%emt 0:00:05]} 9. exd6 {[%emt 0:00:29]} Nf6 {[%emt 0:00:06]} 10. Bg5 {[%emt 0:04:01]} Qa5+ {[%emt 0:00:10]} 11. Bd2 {[%emt 0:03:56]} b4 {[%emt 0:00:23]} 12. Nxf6+ {[%emt 0:02:40]} gxf6 {[%emt 0:00:04]} 13. O-O {[%emt 0:01:10]} Bxd6 {[%emt 0:00:39]} 14. Bh6 {[%emt 0:09:33]} Bc7 {[%emt 0:07:40]} 15. Bg7 {[%emt 0:29:26]} Rg8 {[%emt 0:01:13]} 16. Bxf6 {[%emt 0:00:03]} Qf5 {[%emt 0:02:03]} 17. Re1+ {[%emt 0:11:29]} Be6 {[%emt 0:00:40]} 18. Rxe6+ {[%emt 0:01:00]} Qxe6 {[%emt 0:00:05]} 19. Qh5+ {[%emt 0:04:54]} Kd7 {[%emt 0:00:06]} 20. Rd1+ {[%emt 0:00:35]} Kc8 {[%emt 0:00:09]} 21. Bh4 {[%emt 0:03:14]} a5 {[%emt 0:01:58]} 22. Bg3 {[%emt 0:05:26]} Qg4 {[%emt 0:04:00]} 23. Rd8+ {[%emt 0:01:45]} Kxd8 {[%emt 0:00:26]} 24. Bxc7+ {[%emt 0:00:56]} Kc8 {[%emt 0:00:03]} 0-1

[Event "22nd Hogeschool Zeeland 2018"]
[Site "Vlissingen"]
[Date "2018.08.10"]
[Round "8"]
[White "Coenen, Eduard"]
[Black "Mehar, Chinna Reddy C H"]
[Result "0-1"]
[WhiteElo "2118"]
[BlackElo "2345"]
[Annotator "TA"]
[PlyCount "74"]
[EventDate "2018.08.04"]
[EventType "swiss"]
[EventCountry "NED"]
[SourceTitle "playchess.com"]
[Source "ChessBase"]
[SourceQuality "1"]

{[%evp 9,74,-14,0,-40,-7,-33,-31,-25,-25,-31,-36,-37,-35,-33,-27,-63,-8,-65,-47,-37,-26,-21,-27,-20,-8,-59,-18,-19,-18,-49,-50,-56,-51,-172,-175,-155,-131,-135,-135,-202,-202,-221,-208,-210,-137,-147,-24,-141,-150,-145,-150,-199,-183,-193,-189,-308,-302,-315,-303,-810,-808,-29975,-29976,-29975,-29976,-29977,-29976]} 1. d4 Nf6 2. c3 d6 {[%cal Bd7d6,Bd6e5,Be5e4][%mdl 32]} 3. Bf4 Nbd7 4. e3 g6 (4... e5 5. Bg5 Be7 6. Nd2 O-O 7. Bd3 d5 8. Ne2 c6 9. O-O e4 10. Bc2 Ne8 11. Bxe7 Qxe7 {½-½ (51) Milanovic,D (2540)-Ivanisevic,I (2643) Smederevska Palanka 2016}) 5. Bc4 $146 ({Predecessor:} 5. Nf3 Bg7 6. Nbd2 Nh5 7. Bg5 h6 8. Bh4 g5 9. Ng1 Nhf6 10. Bg3 e5 11. Bc4 {0-1 (54) Martini,B (2278)-Schneider,A (2302) Budapest 2003}) 5... e5 6. Bg3 {A45: Trompowsky Attack} Bg7 7. dxe5 dxe5 (7... Nxe5 $6 8. Bxe5 dxe5 9. Qxd8+ Kxd8 10. Bxf7 $14) 8. Nf3 {Black is slightly better.} Qe7 9. Nbd2 O-O 10. a4 e4 11. Nd4 Ne5 12. O-O c5 (12... Nxc4 $15 13. Nxc4 Nh5) 13. Nb5 ({White should play} 13. Bxe5 $11 Qxe5 14. Ne2) 13... Rd8 $15 14. Be2 Bf5 15. Bxe5 Qxe5 16. Qc2 a6 17. Nc4 (17. Na3 $1 $11) 17... Qe7 (17... Qb8 {is interesting.} 18. Nba3 b5 19. Nd2 c4 20. Rfd1 h5) 18. Nba3 Ng4 $40 {[%mdl 128] Black mounts an attack.} 19. h3 Ne5 20. Nxe5 Bxe5 (20... Qxe5 21. Nc4 $11) 21. Bg4 ({White should try} 21. Rfd1 $15) 21... Bxg4 $19 22. hxg4 Rd3 23. f4 Bc7 24. Nc4 (24. g5 $17) 24... Rad8 25. a5 Qe6 26. Qb3 Bb8 27. Rad1 Kg7 ({Much weaker is} 27... Qxg4 $6 28. Rxd3 exd3 29. Qxb7 $11) ({Resist} 27... Rxd1 28. Rxd1 Rxd1+ 29. Qxd1 $15) (27... R8d7 $17 {Strongly threatening ...g5.} 28. g5 Kg7) 28. g5 {[#]} (28. Rxd3 $1 $11 exd3 29. Qb6) 28... Bc7 $1 $17 {Threatens to win with ...Rxd1.} ({But not} 28... Rxd1 $6 29. Rxd1 Rxd1+ 30. Qxd1 $11) 29. Rde1 Qd5 30. Qa4 {[#]} h6 $1 31. gxh6+ Kxh6 32. Ne5 (32. Qa2 {was necessary.}) 32... Bxe5 $19 33. fxe5 Qxe5 34. Rxf7 $2 (34. Rf4 f5 35. Rh4+ Kg7 36. Rh3) 34... Qg3 35. Ref1 Qxe3+ {Black mates.} 36. R7f2 Rd2 37. Qa1 Rf8 {Precision: White = 26%, Black = 62%.} 0-1

[Event "22nd Hogeschool Zeeland 2018"]
[Site "Vlissingen"]
[Date "2018.08.10"]
[Round "8"]
[White "Kalisvaart, Peter"]
[Black "Aronsson, Marten"]
[Result "1-0"]
[WhiteElo "2090"]
[BlackElo "2303"]
[Annotator "TA"]
[PlyCount "75"]
[EventDate "2018.08.04"]
[EventType "swiss"]
[EventCountry "NED"]
[SourceTitle "playchess.com"]
[Source "ChessBase"]
[SourceQuality "1"]

{[%evp 16,75,67,43,61,54,66,63,35,41,27,14,21,10,114,115,115,118,176,127,200,191,193,195,261,239,251,231,228,231,271,261,270,247,247,211,219,216,192,85,79,81,80,75,66,86,103,97,91,71,131,115,150,159,185,177,185,178,29996,29997,29997,29998]} 1. d4 {[%cal Bd2d4,Bd4d5][%mdl 32]} g6 2. c4 Nf6 3. Nc3 Bg7 4. e4 O-O 5. Be2 c5 6. d5 d6 7. Nf3 Bg4 8. O-O a6 9. a4 {LiveBook: 10 Games. E91: King's Indian: Classical: 6 Be2, unusual replies including 6...c5 and 6...Bg4} e6 10. dxe6 fxe6 11. Ng5 {White is slightly better.} Bxe2 12. Qxe2 $146 ({Predecessor:} 12. Nxe2 Qd7 13. e5 dxe5 14. Qxd7 Nbxd7 15. Nxe6 Rf7 16. Nxg7 Kxg7 {1-0 (47) Savchenko,S (2575)-Ivanov,V (2390) Enakievo 1997}) 12... Re8 13. e5 dxe5 14. Qxe5 Nd5 (14... Nc6 $11 {remains equal.} 15. Qxc5 Nd4) 15. Qg3 $36 {[%mdl 2048] Black is under strong pressure.} Nxc3 16. bxc3 Qe7 (16... Nd7 $16 {might work better.}) 17. Re1 e5 (17... Nd7 $16) 18. Qh3 Bf6 19. Ne4 Bg7 (19... Qe6 $142 20. Rb1 Qxh3 21. Nxf6+ (21. gxh3 Be7 $16) 21... Kf7 22. gxh3 (22. Rxb7+ Kxf6 23. gxh3 Nc6 $18) 22... Kxf6 23. Rxb7 Nc6 24. Rxh7 Rh8) 20. Be3 Qe6 21. Qxe6+ (21. Bxc5 Qxh3 22. gxh3 Nd7 $16) 21... Rxe6 22. Nxc5 ({But not} 22. Bxc5 $6 Nd7 $16) 22... Rc6 23. Rad1 ({Not} 23. Nxb7 Rxc4 24. Bd2 Nd7 $16) 23... Bf6 24. Ne4 ({Resist} 24. Nxb7 $6 Rxc4 25. Rd5 Rxc3 $16) 24... Be7 25. c5 Rc7 26. f4 Nd7 {[%cal Rd7c5]} 27. fxe5 (27. Rd5 $18 {has better winning chances.}) 27... Nxc5 28. Nxc5 Bxc5 29. Bd4 Rd8 30. e6 {Bxc5 is the strong threat.} Re8 31. Re5 Bd6 32. Re3 Rc4 ({Better is} 32... b5) 33. a5 Bf4 {Threatens to win with ...Rxd4.} 34. Re4 Bc7 {[#]} 35. Rb1 $1 Bxa5 36. Rxb7 {White threatens Rg7+ and mate.} Bxc3 $2 (36... Bc7 $18 37. Kf1 Rc6) 37. Rg7+ $1 Kh8 {[#]} 38. Rxh7+ $1 {[%mdl 512] Precision: White = 68%, Black = 31%.} 1-0

[Event "22nd Hogeschool Zeeland 2018"]
[Site "Vlissingen"]
[Date "2018.08.10"]
[Round "8"]
[White "Hoffman, Ron"]
[Black "Lefebvre, Herve"]
[Result "1/2-1/2"]
[WhiteElo "2041"]
[BlackElo "2304"]
[Annotator "TA"]
[PlyCount "78"]
[EventDate "2018.08.04"]
[EventType "swiss"]
[EventCountry "NED"]
[SourceTitle "playchess.com"]
[Source "ChessBase"]
[SourceQuality "1"]

{[%evp 14,78,13,7,22,16,22,0,25,18,20,17,29,8,27,18,18,14,52,54,68,83,74,-14,77,52,68,70,80,74,81,40,78,72,94,-12,-13,-11,-11,-11,-13,-11,-8,-5,-5,-8,-18,-195,-192,-224,0,0,83,0,0,0,0,0,345,0,0,0,340,0,0,0,303]} 1. d4 Nf6 2. Bf4 d5 3. e3 c5 4. c3 Nc6 5. Nd2 e6 6. Ngf3 Bd6 7. dxc5 Bxc5 8. Bd3 {LiveBook: 63 Games. D02: 1 d4 d5 2 Nf3 sidelines, including 2...Nf6 3 g3 and 2...Nf6 3 Bf4} a5 $146 ({Predecessor:} 8... h6 9. Qe2 Nh5 10. Bg3 Nxg3 11. hxg3 Bd7 12. e4 dxe4 13. Nxe4 Be7 14. g4 Qc7 15. g5 O-O-O 16. gxh6 gxh6 {½-½ (101) Mamedyarov,S (2809)-Nakamura,H (2787) Moscow 2018}) 9. a4 Nh5 10. Bg3 f5 11. Bh4 Be7 12. Bxe7 Qxe7 13. Nd4 g6 14. O-O O-O 15. Qb3 Kg7 16. c4 e5 17. Nxc6 ({Much worse is} 17. cxd5 exd4 18. dxc6 dxe3 $11) 17... bxc6 18. Qa3 (18. cxd5 $16 cxd5 19. Qxd5) 18... Qf6 (18... Qxa3 $11 19. Rxa3 Be6) 19. cxd5 cxd5 20. Rac1 Rf7 21. Rc5 Bb7 22. Rfc1 Rd8 23. Be2 d4 24. Bf3 (24. Nc4 $16) 24... dxe3 $11 25. Qxe3 Bxf3 26. Nxf3 {[%cal Bd2f3,Bf3e5,Be5c6][%mdl 32]} e4 $1 27. Ne5 Re7 28. Nc6 $132 {[%mdl 2048] White is fighting back} Rd3 29. Nxe7 Rxe3 30. fxe3 $2 (30. Rc7 $1 $11 {and White is okay.} Re2 31. Nd5+ Qf7 32. g3) 30... Qxb2 $19 31. Rc7 {Nxf5+ is the strong threat.} Kf6 $2 (31... Kh6 $19 {White must now prevent ...Qd2.} 32. R7c2 Qb3) 32. h4 $1 $11 {Threatens to win with R1c6+.} f4 (32... Qa3 $11 33. R1c6+ Ke5 34. Rc5+ Ke6) 33. Ng8+ (33. R1c6+ $16 Ke5 34. Rc5+ Ke6 35. Nc6 fxe3 36. Nd8+ Kd6 37. Nf7+ Ke6 38. Ng5+ Kd6 39. Nxe4+ Ke6 40. Ng5+ Kd6 41. Nf7+ Ke6 42. Nd8+ Kd6 43. R5c6+ Kd5 44. Rd7+ Ke4 45. Re6+ Kf5 46. Rf7+ Nf6 47. Rfxf6+ Kg4 48. Re4+ Kh5 49. Rfe6 Qf2+ 50. Kh2) 33... Kf5 34. Nh6+ Ke6 35. R1c6+ Kd5 $2 {[%mdl 8192] [#]} (35... Ke5 $11 {and Black has nothing to worry.} 36. Rc5+ Ke6) 36. Rc5+ $2 ({White has to play} 36. Nf7 $1 $18 {[%csl Gf7][%cal Rc6d6]} Qa1+ 37. Kh2) 36... Ke6 37. R5c6+ $2 {[%mdl 8192]} (37. Nf7 $11 Qb4 38. Ng5+ Kd6 39. R7c6+ Kd7 40. Rc7+ Kd6 41. Rc1) 37... Kd5 $18 {[#]} 38. Rc5+ $2 (38. Nf7 $1 $18 {[%csl Gf7][%cal Rc6d6]} Qb1+ 39. Rc1) 38... Ke6 $11 39. R5c6+ $2 {[%mdl 8192]} (39. Nf7 $11 Qb4 40. Ng5+ Kd6 41. R7c6+ Kd7 42. Rc1) 39... Kd5 {[%mdl 32768] Precision: White = 43%, Black = 43%. . An unexpected result.} 1/2-1/2

[Event "22nd Hogeschool Zeeland 2018"]
[Site "Vlissingen"]
[Date "2018.08.10"]
[Round "8"]
[White "Wagenvoorde, Guido"]
[Black "Van der Lende, Ilias"]
[Result "1-0"]
[WhiteElo "2035"]
[BlackElo "2347"]
[Annotator "RC"]
[PlyCount "83"]
[EventDate "2018.08.04"]
[EventType "swiss"]
[EventCountry "NED"]
[SourceTitle "playchess.com"]
[Source "ChessBase"]
[SourceQuality "1"]
[TimeControl "40/5400+30:1800+30"]

1. d4 {[%emt 0:00:21]} d5 {[%emt 0:03:08]} 2. c4 {[%emt 0:00:08]} dxc4 {[%emt 0:00:07]} 3. Nf3 {[%emt 0:00:21]} a6 {[%emt 0:00:46]} 4. e3 {[%emt 0:03:10]} Nf6 {[%emt 0:01:25]} 5. Bxc4 {[%emt 0:00:17]} e6 {[%emt 0:00:40]} 6. O-O {[%emt 0:00:18]} b5 {[%emt 0:00:57]} 7. Be2 {[%emt 0:01:05]} Bb7 {[%emt 0:00:15]} 8. Nbd2 {[%emt 0:01:50]} Nbd7 {[%emt 0:00:07]} 9. a4 {[%emt 0:06:56]} b4 {[%emt 0:00:06]} 10. a5 {[%emt 0:00:40]} Be7 {[%emt 0:05:08]} 11. Nb3 {[%emt 0:04:55]} O-O {[%emt 0:01:47]} 12. Bd2 {[%emt 0:01:24]} Bd5 {[%emt 0:05:32]} 13. Qc2 {[%emt 0:07:45]} Qb8 {[%emt 0:11:16]} 14. Rfc1 {[%emt 0:07:21]} c5 {[%emt 0:02:57]} 15. Nxc5 {[%emt 0:05:42]} Nxc5 {[%emt 0:05:39]} 16. dxc5 {[%emt 0:00:08]} Rc8 {[%emt 0:00:08]} 17. b3 {[%emt 0:08:34]} Ne4 {[%emt 0:03:30]} 18. Ra4 {[%emt 0:10:11]} Nxd2 {[%emt 0:18:01]} 19. Nxd2 {[%emt 0:00:57]} Rxc5 {[%emt 0:03:00]} 20. Nc4 {[%emt 0:01:29]} Qc7 {[%emt 0:03:06]} 21. Rxb4 {[%emt 0:12:02]} Bxg2 {[%emt 0:00:30]} 22. f4 {[%emt 0:06:18]} Bd5 {[%emt 0:01:59]} 23. Ra4 {[%emt 0:02:36]} Rc8 {[%emt 0:03:07]} 24. Qd2 {[%emt 0:02:20]} Qb7 {[%emt 0:02:11]} 25. Rb4 {[%emt 0:03:32]} Rb5 {[%emt 0:08:19]} 26. Rxb5 {[%emt 0:00:19]} Qxb5 {[%emt 0:00:12]} 27. Qd3 {[%emt 0:09:41]} Bc5 {[%emt 0:11:20]} 28. Kf1 {[%emt 0:00:26]} Bb4 {[%emt 0:04:24]} 29. Rc2 {[%emt 0:01:00]} f5 {[%emt 0:03:32]} 30. Nd6 {[%emt 0:00:49]} Rxc2 {[%emt 0:01:00]} 31. Nxb5 {[%emt 0:00:09]} Rc1+ {[%emt 0:00:21]} 32. Kf2 {[%emt 0:00:24]} Be1+ {[%emt 0:00:20]} 33. Kg1 {[%emt 0:00:22]} Bxa5+ {[%emt 0:00:31]} 34. Bf1 {[%emt 0:00:24]} Bb6 {[%emt 0:01:08]} 35. Nd4 {[%emt 0:01:02]} h6 {[%emt 0:00:13]} 36. Nxf5 {[%emt 0:01:27]} Kh8 {[%emt 0:00:47]} 37. Ne7 {[%emt 0:00:49]} Rd1 {[%emt 0:00:30]} 38. Qc3 {[%emt 0:00:48]} Bb7 {[%emt 0:00:18]} 39. Kf2 {[%emt 0:00:35]} Rd7 {[%emt 0:00:42]} 40. Ng6+ {[%emt 0:00:20]} Kg8 {[%emt 0:00:04]} 41. Bc4 {[%emt 0:01:38]} Rd6 {[%emt 0:02:04]} 42. Qb4 {[%emt 0:02:20]} 1-0